000
00288nam a22001337a 4500
008
181126b xxu||||| |||| 00| 0 eng d
020
_a
0812054512
041
_a
eng
080
_a
510
100
_a
38
101
_a
MAT
245
_a
Calculs By Discovery
_c
Downing.D
942
_2
udc
_c
BK
999
_c
52491
_d
52491